El libro de Dominga de Guzmán (Record no. 2780)

MARC details
000 -CABECERA
campo de control de longitud fija 00824nam a2200217 a 4500
001 - NÚMERO DE CONTROL
campo de control BRCA_3044
005 - FECHA Y HORA DE LA ÚLTIMA TRANSACCIÓN
campo de control 20190320204101.0
008 - DATOS DE LONGITUD FIJA--INFORMACIÓN GENERAL
campo de control de longitud fija 220109s1994----mx-a---###---#000-0#spa-#
050 #4 - SIGNATURA TOPOGRÁFICA DE LA BIBLIOTECA DEL CONGRESO
Número de clasificación TX716
Número de documento/Ítem .L46 1994
100 1# - ENTRADA PRINCIPAL--NOMBRE DE PERSONA
Nombre de persona León García, María del Carmen
9 (RLIN) 528
245 10 - MENCIÓN DE TÍTULO
Título El libro de Dominga de Guzmán
Resto del título un documento personal del siglo XVIII.
260 ## - PUBLICACIÓN, DISTRIBUCIÓN, ETC.
Lugar de publicación, distribución, etc. Ciudad de México
Fecha de publicación, distribución, etc. 1994
300 ## - DESCRIPCIÓN FÍSICA
Extensión 263 p.
Otras características físicas il.
Dimensiones 28 cm.
502 ## - NOTA DE TESIS
Nota de tesis Tesis Licenciatura (Licenciada en Historia) Escuela Nacional de Antropología e Historia
600 14 - PUNTO DE ACCESO ADICIONAL DE MATERIA--NOMBRE DE PERSONA
Nombre de persona Guzmán Dominga de
Títulos y otros términos asociados al nombre Recetario de doña Dominga de Guzmán
Subdivisión general Historia
Subdivisión cronológica Siglo XVIII
9 (RLIN) 8355
650 14 - PUNTO DE ACCESO ADICIONAL DE MATERIA--TÉRMINO DE MATERIA
Término de materia o nombre geográfico como elemento de entrada Manuscritos mexicanos
Subdivisión cronológica Siglo XVIII
9 (RLIN) 8356
650 14 - PUNTO DE ACCESO ADICIONAL DE MATERIA--TÉRMINO DE MATERIA
Término de materia o nombre geográfico como elemento de entrada Hábitos alimenticios
Subdivisión general Historia
Subdivisión cronológica Siglo XVIII
Subdivisión geográfica México
9 (RLIN) 531
653 0# - TÉRMINO DE INDIZACIÓN--NO CONTROLADO
Término no controlado Cocina mexicana
902 ## - CATALOGADOR
Iniciales TES
942 ## - ELEMENTOS DE PUNTO DE ACCESO ADICIONAL (KOHA)
Fuente del sistema de clasificación o colocación Library of Congress Classification
Tipo de ítem Koha Tesis
Holdings
Estado de retiro Estado de pérdida Estado dañado No para préstamo Localización permanente Ubicación/localización actual Fecha de adquisición Total de préstamos Signatura topográfica completa Código de barras Fecha visto por última vez Precio válido a partir de Tipo de ítem Koha
El ejemplar forma parte de la colección y puede ser consultado según las políticas vigentes.       Biblioteca del Museo Franz Mayer (Rogerio Casas-Alatriste) Biblioteca del Museo Franz Mayer (Rogerio Casas-Alatriste) 22/01/2009   TX716 .L46 1994 TES00008 22/03/2019 22/03/2019 Tesis